Athanasius Kircher: itinerario del éxtasis o las imágenes de un saber universal
Uloženo v:
| Hlavní autor: | |
|---|---|
| Médium: | Kniha |
| Jazyk: | španělština |
| Vydáno: |
Madrid
Siruela
1986
|
| Edice: | Coleccón Ites Exstatium, 1
|
| Témata: | |
| Tagy: |
Přidat tag
Žádné tagy, Buďte první, kdo vytvoří štítek k tomuto záznamu!
|
MARC
| LEADER | 00000nam a2200000 a 4500 | ||
|---|---|---|---|
| 001 | UCV7556 | ||
| 003 | CL-VaPUC | ||
| 008 | 880922e19860000SP |||||||||||||||||spa|d | ||
| 082 | 0 | 4 | |a 704.946 |b GOM |2 21 |
| 100 | |a Gómez de Liaño, Ignacio |e author |9 451074 | ||
| 245 | 1 | 0 | |a Athanasius Kircher: itinerario del éxtasis o las imágenes de un saber universal |
| 300 | |a 2 v | ||
| 942 | |c BK | ||
| 945 | |d 19880922 00:00:00 | ||
| 260 | |a Madrid |b Siruela |c 1986 | ||
| 650 | 7 | |a IMAGENES E IDOLOS |2 CL-VaPUC |9 265073 | |
| 650 | 0 | |a Mitología |9 255719 | |
| 650 | 0 | |a Simbolismo en el arte |9 265074 | |
| 650 | 0 | |a Simbolismo (Psicología) |9 265075 | |
| 583 | |a last modification |c 19880922 00:00:00 |k Rodrigo Vera | ||
| 490 | 0 | |a Coleccón Ites Exstatium, 1 | |
| 999 | |c 213210 |d 213208 | ||
| 952 | |0 0 |1 0 |4 0 |6 704_946000000000000_GOM_1986 |7 0 |8 F |9 195342 |a BIBARQ |b BIBARQ |d 2019-11-14 |h v.1 |i 263418K |o 704.946 GOM 1986 |p 263418K |r 2025-01-20 |w 2019-11-14 |y BK_F |k ARQ | ||
| 952 | |0 0 |1 0 |4 0 |6 704_946000000000000_GOM_1986 |7 0 |8 F |9 195343 |a BIBARQ |b BIBARQ |d 2019-11-14 |h v.2 |i 2634198 |o 704.946 GOM 1986 |p 2634198 |r 2025-01-20 |w 2019-11-14 |y BK_F |k ARQ | ||